Výročná správa o stave vysokého školstva za rok 2008 (materiál vypracovaný v súlade s § 102 ods. 2 písm. c)zákona č. 131/2002 Z.z.)
Guardado en:
| Formato: | Libro |
|---|---|
| Lenguaje: | eslovaco |
| Publicado: |
Bratislava
Ministerstvo školstva Slovenskej republiky
2009
|
| Edición: | jún 2009 |
| Materias: | |
| Acceso en línea: | Ver en el OPAC |
| Etiquetas: |
Sin Etiquetas, Sea el primero en etiquetar este registro!
|
MARC
| LEADER | 00000nam a2200000 a 4500 | ||
|---|---|---|---|
| 005 | 20260127134315.0 | ||
| 008 | 100428s2009 xo jb 000 1 slo d | ||
| 035 | |a vtls010089576 | ||
| 039 | 9 | |a 201004281143 |b mschk03 |y 201004281142 |z mschk03 | |
| 040 | |a STUSCHK1 |b slo |c STUSCHK1 |e AACR2 | ||
| 041 | 0 | |a slo | |
| 080 | |a 378(437.6)"2008" | ||
| 245 | 0 | 0 | |a Výročná správa o stave vysokého školstva za rok 2008 |b (materiál vypracovaný v súlade s § 102 ods. 2 písm. c)zákona č. 131/2002 Z.z.) |
| 250 | |a jún 2009 | ||
| 260 | |a Bratislava |b Ministerstvo školstva Slovenskej republiky |c 2009 | ||
| 300 | |a 111 s. |e viaz. tab. príl. | ||
| 650 | 1 | 7 | |a vysoké školstvo |z Slovensko |y 2008 |
| 655 | 7 | |a ročenky | |
| 910 | |a SCHK95 | ||
| 999 | |c 9398 |d 9398 | ||